Troisieme conference sur le droit de la mer

Salvato in:
Dettagli Bibliografici
Natura: Libro
Lingua:Undetermined
Pubblicazione: Geneve Nations Unies 1979
Soggetti:
Tags: Aggiungi Tag
Nessun Tag, puoi essere il primo ad aggiungerne! !
Thư viện lưu trữ: Trung tâm Học liệu Trường Đại học Cần Thơ
LEADER 00396nam a2200145Ia 4500
001 CTU_98493
008 210402s9999 xx 000 0 und d
082 |a 340.13 
082 |b T845 
245 0 |a Troisieme conference sur le droit de la mer 
260 |a Geneve 
260 |b Nations Unies 
260 |c 1979 
650 |a International law 
980 |a Trung tâm Học liệu Trường Đại học Cần Thơ